Italia central y Roma : guía rápida de Italia /

-д хадгалсан:
Номзүйн дэлгэрэнгүй
Байгууллагын зохиогч: Consociazione Turistica Italiana
Формат: Ном
Хэл сонгох:испани
Хэвлэсэн: Milán, Italia : Consociazione Turistica Italiana, 1943, c1943
Нөхцлүүд:
Шошгууд: Шошго нэмэх
Шошго байхгүй, Энэхүү баримтыг шошголох эхний хүн болох!

MARC

LEADER 00000nam^a2200000^a^4500
001 000365194
005 20250521000000.0
009 20260310115636.679
037 |a Acervo ITESO - Biblioteca 
041 |a ESP 
082 |a 914. 504  |b CON 
110 |a Consociazione Turistica Italiana 
245 1 0 |a Italia central y Roma :  |b guía rápida de Italia /  |c Consociazione Turistica Italiana. 
264 4 |a Milán, Italia :  |b Consociazione Turistica Italiana,  |c 1943, c1943 
300 |a 256 p., [1] mapa 
336 |a texto  |b txt  |2 rdacontenido 
337 |a sin mediación  |b n  |2 rdamedio 
338 |a volumen  |b nc  |2 rdasoporte 
561 |a Ex libris de Bibl. Magnopontanae Domus Scti. Ioseph. Prov. Mex. Sept. S.I. 
649 |a XX 
650 |a Guías Turísticas 
650 |a Museos y Galerías -  |z Italia 
650 |a Arquitectura Italiana -  |x Historia y Crítica 
650 |a Arte Italiano -  |x Historia y Crítica 
650 |a Turismo -  |z Roma, Italia 
650 |a Turismo -  |z Italia 
650 |a Roma, Italia -  |x Descripción -  |x Guías Turísticas -  |x Tema Principal 
650 |a Italia -  |x Descripción -  |x Guías Turísticas -  |x Tema Principal 
910 |a Fondo General 
920 |a Impresos - Libros 
930 |a Obras de Referencia 
905 |a 102 
901 |a 0500258978  |b IT2  |c REF  |i D75311  |u 20250521 
902 |a https://opac.biblio.iteso.mx/vufind/Record/000365194